La montaña de la lluvia eterna

Bewaard in:
Bibliografische gegevens
Hoofdauteur: Quezadas, Juan Carlos (Auteur)
Formaat: Boek
Taal:Spaans
Gepubliceerd in: Cuernavaca Progreso S. A 2007
Editie:1a. ed
Reeks:Colección Rehilete
Onderwerpen:
Tags: Voeg label toe
Geen labels, Wees de eerste die dit record labelt!

MARC

LEADER 00000cam a2200000 a 4500
001 UCC3831
003 CL-VaPUC
008 180622e20070000mx |||||||||||||||||spa|d
020 |a 9789706418371 
082 0 4 |a Me863  |b QUE  |2 21 
100 0 |a Quezadas, Juan Carlos  |e author  |9 597947 
245 1 3 |a La montaña de la lluvia eterna 
250 |a 1a. ed 
300 |a 123 p 
942 |c BK 
945 |d 20180622 13:48:00  |a dcastane 
260 |a Cuernavaca  |b Progreso S. A  |c 2007 
650 0 |a Literatura mexicana  |9 313097 
650 0 |a Cuentos mexicanos  |9 310368 
583 |a last modification  |c 20180622 13:48:00  |k Rodrigo Vera 
490 0 |a Colección Rehilete 
999 |c 371499  |d 371497